Process in solar engineering /

Enregistré dans:
Détails bibliographiques
Autres auteurs: Goswami, D.Yogi (Compilateur)
Format: Livre
Langue:anglais
Publié: Berlin : Springer Verlag, 1987
Édition:1.vyd.
Tags: Ajouter un tag
Pas de tags, Soyez le premier à ajouter un tag!

MARC

LEADER 00000nam a22000003a 4500
001 stu8301
005 20150617225806.8
008 951120s1987----cs------------------eng-d
040 |a STU  |b slo 
041 0 |a eng 
044 |a cs 
080 |a 620.91 
080 |a 523.9-7  |7 stu_us_auth*stu7861 
100 1 |a Goswami, D.Yogi  |4 com 
245 1 |a Process in solar engineering /  |c Edit. Goswami,D.Yogi 
250 |a 1.vyd. 
260 |a Berlin :  |b Springer Verlag,  |c 1987 
300 |a 387 s 
996 |b E62139  |c E*62139  |l EE06  |s P  |a 0  |w stu8301_0001